000 01343nam a2200205Ia 4500
003 Ost
005 20260507075050.0
008 260507s9999||||xx |||||||||||||| ||und||
040 _cfsecg
041 _aara
082 _a330
100 _aصادق، هشام علي
_eمؤلف
245 0 _aالنظام العربي لضمان الإستثمار ضد المخاطر غير التجارية /
_c هشام علي صادق
260 _aالاسكندرية:
_bدار المطبوعات الجامعية,
_c2003
300 _a266 صفحة؛
_c24 سم
520 _aمقدمة-ميلاد النظام العربي لضمان الاستثمار-الاستثمارات الصالحة للضمان-المستثمر الصالح للضمان-المخاطر الصالحة للضمان-الضمان قيوده ومدى حق المستثمر المضمون في حوالته للغير-أحكام التعويض وكيفية تقديره-حلول المؤسسة في حقوق المستثمر المضمون-التزامات المستثمر المضمون-نفاذ عقد الضمان ومدته ومدى سلطة المؤسسة في انهائه-تسوية المنازعات والقانون الواجب التطبيق في شأنها
653 _aالاستثمار
653 _aالاستثمارات العربية
942 _cكتاب
999 _c42636
_d42636